| Tag |
First Indicator |
Second Indicator |
Subfields |
| LEADER |
00000cam a2200000 4500 |
| 001 |
in00000095203 |
| 005 |
20150927110653.0 |
| 008 |
751001s1959 paua 10010 eng |
| 010 |
|
|
|a 58059794
|
| 035 |
|
|
|a (OCoLC)01666875
|
| 035 |
|
|
|9 AAL7084AM
|
| 040 |
|
|
|a DLC
|c FQG
|d TXA
|d UtOrBLW
|
| 049 |
|
|
|a TXAM
|c [304251]
|
| 050 |
0 |
0 |
|a TS1080
|b .A67 1958
|
| 082 |
0 |
|
|a 676.2082
|
| 110 |
2 |
|
|a American Society for Testing Materials.
|b Committee D-6 on Paper and Paper Products.
|
| 245 |
1 |
0 |
|a Symposium on paper and paper products ;
|b new developments with accompanying requirements for new testing methods /
|c presented at the sixty-first annual meeting, American Society for Testing Materials, Boston, Mass., June 26, 1958.
|
| 264 |
|
1 |
|a Philadelphia :
|b American Society for Testing Materials,
|c [1959]
|
| 300 |
|
|
|a volumes 73 pages :
|b illustrations, diagrams, tables. ;
|c 24 cm.
|
| 336 |
|
|
|a text
|b txt
|2 rdacontent
|
| 337 |
|
|
|a unmediated
|b n
|2 rdamedia
|
| 338 |
|
|
|a volume
|b nc
|2 rdacarrier
|
| 490 |
1 |
|
|a ASTM special technical publication ;
|v no. 241
|
| 504 |
|
|
|a Includes bibliographies.
|
| 650 |
|
0 |
|a Paper.
|
| 650 |
|
0 |
|a Paper products.
|
| 830 |
|
0 |
|a ASTM special technical publication ;
|v no. 241.
|
| 999 |
|
|
|a MARS
|
| 999 |
f |
f |
|s 034ab090-597b-3344-9165-9bc706838eb1
|i 3da38090-a624-38ce-829a-16868340d8b9
|t 0
|
| 952 |
f |
f |
|p 14_day
|a Texas A&M University
|b College Station
|c Sterling C. Evans Library
|d Evans: Preservation Office (see AskUs desk for assistance)
|t 0
|e TS1080 .A67 1958
|h Library of Congress classification
|i unmediated -- volume
|m A14805650598
|
| 998 |
f |
f |
|a TS1080 .A67 1958
|t 0
|l Evans: Preservation Office (see AskUs desk for assistance)
|